Poznáš srnce od jelena? Vyber správnou možnost - Statistics

General Stats
  • This quiz has been taken 135 times
  • The average score is 5 of 7
Answer Stats
Question Answer % Correct
jelen evropský (lesní)
90%
los evropský
88%
srnec obecný
86%
daněk evropský
78%
sob polární
76%
srnčík čínský
22%
jelenec bahenní
20%
No matching quizzes found
Score Distribution
Percent of People with Each Score
Percentile by Number Answered
Your Score History
You have not taken this quiz